| 000 | 00762nam a2200253 i 4500 | ||
|---|---|---|---|
| 003 | DO-SdBNP | ||
| 005 | 20230524105505.0 | ||
| 007 | ta | ||
| 008 | 230524b sp ||||| |||| 00| 0 spa d | ||
| 040 |
_aDO-SdBNP _bspa _cBNPHU _erda |
||
| 082 | 4 | _222 | |
| 100 | 1 |
_aEurípides _eautor _971492 |
|
| 245 | 1 | 0 |
_aDramas y tragedia _cEurípides ; versión , prólogo y notas Florencia Grau |
| 264 | 4 |
_aBarcelona : _bIberia, _c1962. |
|
| 300 |
_a221 páginas ; _c19 cm. |
||
| 336 |
_2rdacontent _atexto _btxt |
||
| 337 |
_2rdamedia _asin mediación _bn |
||
| 338 |
_2rdacarrier _avolumen _bnc |
||
| 490 | _aObras Maestras | ||
| 590 | _aInventariado, 2023/BT | ||
| 700 | 1 |
_aGrau, Florencia, _eversión, prólogo y notas _983448 |
|
| 910 | _aBtavárez | ||
| 942 |
_2ddc _cLBS1 |
||
| 999 |
_c53603 _d53603 |
||